LDR 00965naa#a2200193#i#450# 001 RU\\bibl\120538 005 20260503175320.7 011 ## _a2500-1825 100 ## _a20260331b2026####ek#y0rusy0150####ca 102 ## _aRU 200 1# _aАНАЛИЗ ТЕНДЕНЦИЙ РАЗВИТИЯ ТУРИСТСКИХ ОРГАНИЗАЦИЙ КРАСНОЯРСКОГО КРАЯ В УСЛОВИЯХ ЦИФРОВИЗАЦИИ _eЖурнальная статья 210 1# _aКрасноярск _cКрасноярский государственный аграрный университет _d2026 215 ## _a12 с. 608 ## _aЖурнальная статья _2local 675 ## _aЭкономика. Народное хозяйство. Экономические науки. 33 _z 700 #1 _aКолесов _gЭдуард Владимирович 700 #1 _aВолошин _gАндрей Владимирович 700 #1 _aСуслова _gЮлия Юрьевна 856 4# _asej.kgau.ru _u